Inovation and entreneurship
| Main Author: | |
|---|---|
| Format: | Book |
| Published: |
Oxford utterworth-Heinemann Ltd ,
1985
|
| Subjects: |
MARC
| LEADER | 00000cam a2200000 7i4500 | ||
|---|---|---|---|
| 001 | 0000020518 | ||
| 002 | 000022264 | ||
| 005 | 20000330.0 | ||
| 020 | |a 0750619082 | ||
| 090 | 0 | 0 | |a 338.04 |b DRU |
| 100 | 1 | |a Drucker, Peter F | |
| 245 | 0 | 0 | |a Inovation and entreneurship |c Peter F.Drucker |
| 260 | |a Oxford utterworth-Heinemann Ltd , |c 1985 | ||
| 300 | |a 258p. ; |c 24cm. | ||
| 650 | 0 | 0 | |a Entrepreneurship |
| 999 | |a 049134 |b BUKU |c PINJAMAN |e PERPUSTAKAAN KOMUNITI PETALING JAYA | ||